Регионална библиотека "Любен Каравелов" - Русе

Под гъбката (Запис номер 82853)

MARC детайли
000 -Лидер
Контролно поле с фиксирана дължина 01345nam a2200337 c 4500
003 - Код на организацията, давaща контролен номер
Контролно поле BLK
005 - Дата и час на последна редакция
Контролно поле 20230719005310.0
008 - Елементи от данни с фиксирана дължина
fixed length control field 180408b bul|||||r ||||||| ||bul||
010 ## - Наследен системен номер
LC control number KNG00087389000
020 ## - Международен стандартен номер на книга ISBN
Международен стандартен номер на книга ISBN 978-954-26-0639-7
-- издат.: Хермес
040 ## - Източник на каталожния запис
Идентификатор на билиотеката - собственик на записа BLK
041 ## - Код за език
Код за езика на текст/звукозапис или на отделно заглавие Български
Код за езика КДБФ Български
080 ## - УДК
Текстов определител УДК Руска литература
УДК код - определител по УДК 821.161.1
УДК определител -93-91
УДК - код + определител 821.161.1-93-91
139 ## - Редно поле
Редна дума Сутеев, Владимир Григориевич
Авторски знак Сул - С 91
245 10 - Сведения за заглавието
Заглавие Под гъбката
Редно поле (дума) по Владимир Григориевич Сутеев; текст Венера Иванова Атанасова; ил. Спас Димитров Спасов.
257 ## - Страна на издаване
Страна на създаване/издаване Русия
260 ## - Област на издателските данни
-- Пловдив
Име на издателя, разпространителя и проч. Хермес
Година на издаване 2008
300 ## - Физическа характеристика
Страници 8 с.
Илюстрации и др. с ил.
Размери/Мащаб 29 см
380 ## - Жанр
Жанр Детска худож. лит.
490 1# - СЕРИИ (Колекции)
Име на серия Весели приказки
500 ## - Общи забележки
Забележка Кор. опис. - Авт. отбелязан в библиогр. каре
700 1# - Други автори (авторска отговорност)
Лично име Сутеев, Владимир Григориевич
Автороска отговорност (Описва отношението между автора и произведението) по
9 (RLIN) 126859
700 1# - Други автори (авторска отговорност)
Лично име Атанасова, Венера Иванова
Автороска отговорност (Описва отношението между автора и произведението) текст
9 (RLIN) 363320
700 ## - Други автори (авторска отговорност)
Лично име Спасов, Спас Димитров
Дати, свързани с автора 1975-
9 (RLIN) 367219
852 ## - Местоположение
Форматна сигнатура Цб ІІ 15483
856 4# - Електронен адрес и достъп
Електронен формат pdf - файл
Път до файла /url/
856 4# - Електронен адрес и достъп
Електронен формат pdf - файл
Път до файла /url/
942 ## - АРТИКУЛИ
Вид на библиотечния материал Книги
Скрит в OPAC Не
944 ## - СЪЗДАВАНЕ И РЕДАКЦИЯ на ЗАПИСА
Създаване/Редакция Създаване
Дата на регистрацията/редакция 20.01.2009
Служител, извършил регистрацията/редакцията
Статус, дата на статуса CRON CRON
944 ## - СЪЗДАВАНЕ И РЕДАКЦИЯ на ЗАПИСА
Създаване/Редакция Редакция
Дата на регистрацията/редакция 05.03.2009
Служител, извършил регистрацията/редакцията
999 ## - СИСТЕМНИ КОНТРОЛНИ НОМЕРА
Koha biblionumber 82853
Koha biblioitemnumber 82853
Наличности
Код за отписване Код за изгубен артикул Код за повреда Коз за рестрикции Код за отдаване Артикулен № Име на библиотеката - собственик Име на библиотеката, в която се намира в момента Статус (Текущо местоположение) Дата на вписване в системата Местоположение - отдел Цена в лева Инвентарен номер Систематично азбучна сигнатура Баркод Номер на екземпляра Цена в евро Служебна бележка Служебен тип на артикула
  Не е изгубен Не е повреден без рестрикции ползва се в читалня 134674 Регионална библиотека "Любен Каравелов" Русе Регионална библиотека "Любен Каравелов" Русе Хранилище 2009-01-20 Хранилище 1.99 120000732891 Цб ІІ 15483 120000732891 1 1.02 Дост: Dp Вид: Д N: 34 Дата: 06.08.2008 Книги
Vip Innovations Ltd, Rousse, Bulgaria 2025